000 01150nam a2200325 a 4500
001 000027683
003 DO-SdBNP
005 20250621074010.0
007 ta
008 090708s2006 dr 000 0bspa d
040 _aDO-SdBNP
_bspa
_cBNPHU
082 _aF-RD 923.27293
_bD812i, 2006
100 1 _aDuarte, Juan Pablo,
_d1813-1876
_91494
245 1 0 _aIdeario de Duarte /
_ccompilado y anotado por Vetilio Alfau Durán.
250 _a18a. ed.
260 _aSanto Domingo :
_bInstituto Duartiano,
_c2006
300 _a32 p. ;
_c22 cm.
490 1 _aInstituto Duartiano
_v4
590 _aInventariado, 2022 / DG
600 1 0 _aDuarte, Juan Pablo,
_d1813-1876
_91494
651 4 _aRepública Dominicana
_xHistoria
_y1844-1930
_xFuentes
_938423
651 4 _aRepública Dominicana
_xConstitución
_91008
651 0 _aRepública Dominicana
_xPolítica y gobierno
_945
651 4 _aRepública Dominicana
_xConstitución
_91008
651 0 _aRepública Dominicana --
_xHistoria --
_y1844-1930
_91009
700 1 _aAlfau Durán, Vetilio,
_d1909-1985
_ecomp.
_910091
830 0 _aInstituto Duartiano
_v4
_923205
910 _aDG
942 _2ddc
_cLF2
999 _c51610
_d51610